| 000 | 00499nam a2200145Ia 4500 | ||
|---|---|---|---|
| 008 | 191108s9999 xx 000 0 und d | ||
| 020 | _a1-55521-117-8 | ||
| 100 | _aKropotkin, Igor | ||
| 245 |
_cIgor Kropotkin & Marjorie Kropotkin _aThe inn cook book: _bFavorite recipes from New England country inns / |
||
| 260 |
_aUnited States of America: _bCastle _c1983 |
||
| 300 | _a336 pages : | ||
| 500 | _aIncludes index. | ||
| 650 | _aCookery, American--New England | ||
| 650 | _aHotels, taverns, etc.-- | ||
| 999 |
_c362489 _d362489 |
||